Cartas a Florinda / (Record no. 7451)
[ view plain ]
| 000 -CABECERA | |
|---|---|
| campo de control de longitud fija | 00547cam a2200169 a 4500 |
| 001 - NÚMERO DE CONTROL | |
| campo de control | 000007671 |
| 005 - FECHA Y HORA DE LA ÚLTIMA TRANSACCIÓN | |
| campo de control | 20200929154245.0 |
| 008 - DATOS DE LONGITUD FIJA--INFORMACIÓN GENERAL | |
| campo de control de longitud fija | 790801s1958 pr 001 0 spa |
| 040 ## - FUENTE DE LA CATALOGACIÓN | |
| Centro catalogador/agencia de origen | DO-SdBNP |
| Lengua de catalogación | spa |
| Centro/agencia transcriptor | BNPHU |
| 082 ## - NÚMERO DE LA CLASIFICACIÓN DECIMAL DEWEY | |
| Número de clasificación | PR866.44 |
| Número de documento/Ítem | A366c |
| 100 1# - ENTRADA PRINCIPAL--NOMBRE DE PERSONA | |
| Nombre de persona | Alegria, José S., |
| Títulos y otros términos asociados al nombre | (Raimundo Lucio) |
| Fechas asociadas al nombre | 1887-1965 |
| 9 (RLIN) | 21263 |
| 245 10 - MENCIÓN DE TÍTULO | |
| Título | Cartas a Florinda / |
| Mención de responsabilidad, etc. | José S. Alegria. |
| 260 ## - PUBLICACIÓN, DISTRIBUCIÓN, ETC. | |
| Lugar de publicación, distribución, etc. | San Juan, Puerto Rico : |
| Nombre del editor, distribuidor, etc. | Club de la Prensa, |
| Fecha de publicación, distribución, etc. | 1958. |
| 300 ## - DESCRIPCIÓN FÍSICA | |
| Extensión | 216 p. ; |
| Dimensiones | 23 cm. |
| 650 #4 - PUNTO DE ACCESO ADICIONAL DE MATERIA--TÉRMINO DE MATERIA | |
| Término de materia o nombre geográfico como elemento de entrada | Cartas puertorriqueñas |
| 9 (RLIN) | 21264 |
| 650 #4 - PUNTO DE ACCESO ADICIONAL DE MATERIA--TÉRMINO DE MATERIA | |
| Término de materia o nombre geográfico como elemento de entrada | Literatura puertorriqueña |
| 9 (RLIN) | 250 |
| Estado de retiro | Estado de pérdida | Restricciones de uso | No para préstamo | Código de colección | Localización permanente | Ubicación/localización actual | Ubicación en estantería | Fecha de adquisición | Número de inventario | Total de préstamos | Signatura topográfica completa | Código de barras | Fecha visto por última vez | Precio válido a partir de | Tipo de ítem Koha | Número de copia |
|---|---|---|---|---|---|---|---|---|---|---|---|---|---|---|---|---|
| Monografías: Libros y Folletos | General | General | En catalogación | 09.09.2009 | LF1 | PR866.44 A366c | 7671-10 | 25.06.2020 | 25.06.2020 | Préstamo en sala | ||||||
| Préstamo restringido | Préstamo restrigido | Monografías: Libros y Folletos | General | General | En catalogación | 29.03.2010 | LF1 | PR866.44 A366c | 7671-20 | 25.06.2020 | 25.06.2020 | Préstamo en sala | e. 2 | |||
| Monografías: Libros y Folletos | General | General | En catalogación | 20.07.2010 | LF1 | PR866.44 A366c | 7671-30 | 25.06.2020 | 25.06.2020 | Préstamo en sala | e. 3 |
